<?xml version="1.0" encoding="UTF-8"?>
<collection xmlns="http://www.loc.gov/MARC21/slim">
<record>
  <controlfield tag="001">98186</controlfield>
  <controlfield tag="005">20250307094029.0</controlfield>
  <datafield tag="024" ind1="8" ind2=" ">
    <subfield code="2">sideral</subfield>
    <subfield code="a">121629</subfield>
  </datafield>
  <datafield tag="037" ind1=" " ind2=" ">
    <subfield code="a">ART-2020-121629</subfield>
  </datafield>
  <datafield tag="041" ind1=" " ind2=" ">
    <subfield code="a">spa</subfield>
  </datafield>
  <datafield tag="100" ind1=" " ind2=" ">
    <subfield code="a">Carretero-Gonzalez, J.</subfield>
  </datafield>
  <datafield tag="245" ind1=" " ind2=" ">
    <subfield code="a">Baterias para una movilidad sostenible: avances, retos y perspectiva</subfield>
  </datafield>
  <datafield tag="260" ind1=" " ind2=" ">
    <subfield code="c">2020</subfield>
  </datafield>
  <datafield tag="506" ind1="0" ind2=" ">
    <subfield code="a">Access copy available to the general public</subfield>
    <subfield code="f">Unrestricted</subfield>
  </datafield>
  <datafield tag="520" ind1="3" ind2=" ">
    <subfield code="a">La aplicación de baterías acopladas a sistemas de conversión de energía renovable en las ciudades ayudará en gran medida a superar algunos de los retos tecnológicos para la electrificación de la red y el transporte, como la difícil accesibilidad a puntos de carga, y de coste, mejorando sus capacidades técnicas y haciendo que el sistema energético a nivel global sea más sostenible. Además, su aplicación tendrá un efecto inmediato en la salud de los ciudadanos debido a la disminución de las emisiones de gases de efecto invernadero a la atmósfera, así como otros contaminantes. A continuación, presentamos una revisión de los esfuerzos recientes para desarrollar nuevas tecnologías avanzados para las futuras baterías sostenibles. También destacaremos las estrategias actuales de reciclado de baterías que se aplican hacia un futuro con cero emisiones de carbono y basado en el concepto de economía circular.

The application of batteries coupled to renewable energy conversion systems in cities will greatly help to overcome some of the technological challenges for grid electrification and transport, such as difficult accessibility to charging points, and cost, by improving their technical capabilities and making the energy system globally more sustainable. Furthermore, its implementation will have an immediate effect on citizens'' health due to the reduction of greenhouse gas emissions into the atmosphere, as well as other pollutants. Below is a review of recent efforts to develop new advanced technologies for future sustainable batteries. We will also highlight current battery recycling strategies that are being implemented towards a zero-carbon future based on the concept of the circular economy.</subfield>
  </datafield>
  <datafield tag="540" ind1=" " ind2=" ">
    <subfield code="9">info:eu-repo/semantics/openAccess</subfield>
    <subfield code="a">by</subfield>
    <subfield code="u">http://creativecommons.org/licenses/by/3.0/es/</subfield>
  </datafield>
  <datafield tag="655" ind1=" " ind2="4">
    <subfield code="a">info:eu-repo/semantics/article</subfield>
    <subfield code="v">info:eu-repo/semantics/publishedVersion</subfield>
  </datafield>
  <datafield tag="700" ind1=" " ind2=" ">
    <subfield code="a">Lopez-Manchado, uA.</subfield>
  </datafield>
  <datafield tag="700" ind1=" " ind2=" ">
    <subfield code="a">Alegre, C.</subfield>
  </datafield>
  <datafield tag="700" ind1=" " ind2=" ">
    <subfield code="a">Lazaro, M.J.</subfield>
  </datafield>
  <datafield tag="700" ind1=" " ind2=" ">
    <subfield code="a">Orera, A.</subfield>
    <subfield code="u">Universidad de Zaragoza</subfield>
    <subfield code="0">(orcid)0000-0001-8751-0983</subfield>
  </datafield>
  <datafield tag="700" ind1=" " ind2=" ">
    <subfield code="a">Rodriguez, O.</subfield>
  </datafield>
  <datafield tag="700" ind1=" " ind2=" ">
    <subfield code="a">Alcaraz, L.</subfield>
  </datafield>
  <datafield tag="710" ind1="2" ind2=" ">
    <subfield code="1">2003</subfield>
    <subfield code="2">395</subfield>
    <subfield code="a">Universidad de Zaragoza</subfield>
    <subfield code="b">Dpto. Física Materia Condensa.</subfield>
    <subfield code="c">Área Física Materia Condensada</subfield>
  </datafield>
  <datafield tag="773" ind1=" " ind2=" ">
    <subfield code="g">58 (2020), 23-29</subfield>
    <subfield code="p">Bol. Grupo Español Carbón</subfield>
    <subfield code="t">Boletín del Grupo Español del Carbón</subfield>
    <subfield code="x">2172-6094</subfield>
  </datafield>
  <datafield tag="856" ind1="4" ind2=" ">
    <subfield code="s">2080551</subfield>
    <subfield code="u">http://zaguan.unizar.es/record/98186/files/texto_completo.pdf</subfield>
    <subfield code="y">Versión publicada</subfield>
  </datafield>
  <datafield tag="856" ind1="4" ind2=" ">
    <subfield code="s">3601149</subfield>
    <subfield code="u">http://zaguan.unizar.es/record/98186/files/texto_completo.jpg?subformat=icon</subfield>
    <subfield code="x">icon</subfield>
    <subfield code="y">Versión publicada</subfield>
  </datafield>
  <datafield tag="856" ind1="4" ind2="1">
    <subfield code="u">https://www.gecarbon.org/boletines/articulos/BoletinGEC_058-art4.pdf</subfield>
    <subfield code="z">Texto completo de la revista</subfield>
  </datafield>
  <datafield tag="909" ind1="C" ind2="O">
    <subfield code="o">oai:zaguan.unizar.es:98186</subfield>
    <subfield code="p">articulos</subfield>
    <subfield code="p">driver</subfield>
  </datafield>
  <datafield tag="951" ind1=" " ind2=" ">
    <subfield code="a">2025-03-07-09:38:52</subfield>
  </datafield>
  <datafield tag="980" ind1=" " ind2=" ">
    <subfield code="a">ARTICLE</subfield>
  </datafield>
</record>
</collection>